[Event "Jakarta Indonesia op 3rd"]
[Site "Jakarta"]
[Date "2013.10.17"]
[Round "11"]
[White "Fauzan, M."]
[Black "Purba, Cornelis"]
[Result "0-1"]
[WhiteElo "2221"]
[BlackElo "2193"]
[PlyCount "38"]
[EventDate "2013.10.10"]
[EventType "swiss"]
[EventRounds "11"]
[EventCountry "INA"]
[SourceTitle "EXT 2014"]
[Source "ChessBase"]
[SourceDate "2013.11.20"]
[SourceVersion "1"]
[SourceVersionDate "2013.11.20"]
[SourceQuality "1"]

1. d4 Nf6 2. Nf3 d5 3. g3 e6 4. Bg2 b6 5. 0-0 Bb7 6. c4 dxc4 7. Qa4+ Nbd7 8. Nc3 Be7 9. Ne5 Bxg2 10. Kxg2 0-0 11. Nc6 Qe8 12. Qxc4 Bd6 13. f4 a6 14. a4 b5 15. Qd3 Nb6 16. axb5 axb5 17. Rxa8 Qxc6+ 18. Rf3 Rxa8 19. e4 b4 0-1

[Event "Jakarta Indonesia op 3rd"]
[Site "Jakarta"]
[Date "2013.10.13"]
[Round "5"]
[White "Fauzan, M."]
[Black "Pradeep, Kumar RA"]
[Result "0-1"]
[WhiteElo "2221"]
[BlackElo "2331"]
[PlyCount "72"]
[EventDate "2013.10.10"]
[EventType "swiss"]
[EventRounds "11"]
[EventCountry "INA"]
[SourceTitle "CBM 156 Extra"]
[Source "ChessBase"]
[SourceDate "2013.10.22"]
[SourceVersion "1"]
[SourceVersionDate "2013.10.22"]
[SourceQuality "1"]

1. d4 Nf6 2. Nf3 g6 3. c4 Bg7 4. Nc3 0-0 5. g3 d6 6. Bg2 c6 7. 0-0 Qb6 8. Qc2 Re8 9. h3 e5 10. dxe5 dxe5 11. e4 Nbd7 12. Be3 Qc7 13. Rfd1 Bf8 14. a3 a5 15. Rab1 a4 16. Bg5 h6 17. Be3 Qa5 18. Bd2 Qa6 19. Na2 Qb6 20. Nb4 Kh7 21. Bc3 Qc7 22. Re1 Nc5 23. Nd2 Bg7 24. Nd3 Nxd3 25. Qxd3 Be6 26. Rbd1 Nd7 27. Bf1 c5 28. Kh2 Nb6 29. Qc2 f6 30. Rb1 h5 31. Nf3 Nxc4 32. Bxc4 Bxc4 33. Bxe5 Qf7 34. Bd6 Rad8 35. Rbc1 b5 36. e5 Bd5 0-1